000 00599nam a2200181Ia 4500
003 GCL
008 140319s9999 xx 000 0 ara d
040 _aGCL /
_cGCL
082 0 4 _aق
_b962.048
_bا ت
100 1 _aاحمد حافظ عوض
245 1 0 _aتحية الرئيس فى منفاه: و هى خطب معالى سعد باشا زغلول منذ عودته لمصر الى نفيه منها /
_cاحمد حافظ عوض
300 _a160 ص
490 _a
650 0 4 _aالعصر الحديث
650 0 4 _aسعد زغلول
650 0 4 _aالخطب - مجموعات
942 _2ddc
_cBK
999 _c45217
_d45217